| 000 | 02604nas a22002775i 4500 | ||
|---|---|---|---|
| 001 | 3120-4902 | ||
| 003 | DE-He213 | ||
| 005 | 20260304140624.0 | ||
| 007 | cr nn 008mamaa | ||
| 008 | 260127s||||||||si uu poo|||||| b|EN |d | ||
| 022 | _a3120-4902 | ||
| 024 | 7 |
_a44567 _2local |
|
| 210 | 1 | 0 | _aEng. Extreme Environ. |
| 245 | 1 | 0 |
_aEngineering in Extreme Environments _h[electronic resource] / _cedited by Frank Cheng, P. G. Ranjith, Hong Guo. |
| 264 | 1 |
_aSingapore : _bSpringer Nature Singapore : _bImprint: Springer. |
|
| 300 | _bonline resource. | ||
| 520 | _aEngineering in Extreme Environments (EEE) addresses the critical challenges of designing, constructing, and operating infrastructure and systems in extreme environmental conditions. The journal focuses on engineering solutions for environments including arctic and polar regions, deserts, high-altitude locations, deep sea, space, and areas with extreme temperatures, pressures, or chemical conditions. The journal serves as a platform for researchers and practitioners to share engineering innovations, design methodologies, and practical experiences in extreme environments. Engineering in Extreme Environments publishes high-quality research focused exclusively on engineering design, analysis, and performance of systems operating under extreme physical conditions. Core Engineering Areas Structural design and integrity under extreme mechanical, thermal, or radiative loads Thermal-fluid systems for cryogenic, re-entry, or ultra-high-temperature environments Power, propulsion, and control systems engineered for reliability in harsh isolation Materials selection, fatigue, and corrosion resistance within engineered structures Electrical, communication, and sensing systems for extreme-environment infrastructure Life support and human factors engineering for hazardous operations Risk assessment, resilience, and life-cycle management of extreme-environment infrastructure Target Environments Arctic/Antarctic, Deep Ocean, Deep Underground, Space, High-altitude, Deserts, Nuclear Facilities, Offshore Platforms, Volcanic Regions, and Disaster Zones. | ||
| 650 | 0 | _aCivil engineering. | |
| 650 | 1 | 4 | _aCivil Engineering. |
| 700 | 1 |
_aCheng, Frank. _eeditor. _4edt _4http://id.loc.gov/vocabulary/relators/edt _924070 |
|
| 700 | 1 |
_aRanjith, P. G. _eeditor. _4edt _4http://id.loc.gov/vocabulary/relators/edt _924071 |
|
| 700 | 1 |
_aGuo, Hong. _eeditor. _4edt _4http://id.loc.gov/vocabulary/relators/edt _924072 |
|
| 710 | 2 | _aSpringerLink (Online service) | |
| 856 | 4 | 0 |
_uhttp://link.springer.com/journal/44567 _zOpen Access |
| 999 |
_c579938 _d579938 |
||